Peter Pan : (Registro nro. 14373)

Detalles MARC
000 -LIDER
fixed length control field 00835nam a22002657a 4500
001 - NÚMERO DE CONTROL
Identificador de número de control
003 - IDENTIFICACDOR DE NÚMERO DE CONTROL
control field DO-SdBNP
005 - DATE AND TIME OF LATEST TRANSACTION
control field 20230313091216.0
008 - ELEMENTOS DE LONGITUD FIJA
fixed length control field 160706b 2010 ec| 0 spa d
020 ## - ISBN
International Standard Book Number 9786124026669
040 ## - FUENTE DE CATALOGACIÓN
Agencia que crea de manera original el registro BPMSU
Idioma de catalogación spa
Agencia que realiza la transcripción BPMSU
082 #4 - NÚMERO DE CLASIFICACIÓN DECIMAL DE DEWEY
Classification number 823..8
Item number P478pa 2010
Edition number 22
245 00 - MENCIÓN DE TITULO
Título Peter Pan :
Subtítulo mis rimacuentos /
Mención de responsabilidad adaptación Flor Sonia Carpio
260 ## - PUBLICACIÓN, DISTRIBUCIÓN, ETC. (PIE DE IMPRENTA)
Lugar de publicación, distribución, etc La victoria, Lima :
Nombre del editor, distribuidor, etc. Editorial Didáctica,
Fecha de publicación, distribución, etc 2010
300 ## - DESCRIPCIÓN FÍSICA
Extensión [10 p.] :
Otros detalles físicos il.,
Dimensiones 20 cm.
490 0# - MENCIÓN DE SERIES
Mención de serie Mis rimacuentos
--
590 ## - NOTA LOCAL
Enlace Inventariado, 2023/VM
600 #4 - ENCABEZAMIENTO DE MATERIA--NOMBRE PERSONAL
Nombre personal Barrie, James Matthew,
Fechas asociadas con el nombre 1860-1937
Título de una obra Peter Pan
Subdivisión temática general
650 #4 - ENCABEZAMIENTO DE MATERIA--TEMÁTICO
Término temático o nombre geográfico como elemento de entrada Literatura iglesa infantil
Subdivisión temática general
Mención de responsabilidad
650 #4 - ENCABEZAMIENTO DE MATERIA--TEMÁTICO
Término temático o nombre geográfico como elemento de entrada Cuentos ingleses infantiles
700 1# - ASIENTO SECUNDARIO -- NOMBRE PERSONAL
Nombre personal Carpio, Flor Sonia
Mención de responsabilidad adaptación
740 ## - ASIENTO SECUNDARIO DE TÍTULOS RELACIONADOS O ANALÍTICOS NO CONTROLADOS
Institución que aplica el campo
910 ## - VALIDACIÓN
Validación VMateo V. Control de calidad (BPMSU)
942 ## - ADDED ENTRY ELEMENTS (KOHA)
Source of classification or shelving scheme Dewey Decimal Classification
Koha item type Libros
Existencias
Withdrawn status Lost status Source of classification or shelving scheme Damaged status Not for loan Collection code Home library Current library Date acquired Full call number Barcode Date last seen Price effective from Koha item type
    Dewey Decimal Classification     Colección Infantil General Biblioteca Pública Metropolitana Salomé Ureña Biblioteca Pública Metropolitana Salomé Ureña 03/13/2023 BPMSU CGI 823.8 P478pa 2010 BPMSU23030017 03/13/2023 03/13/2023 Libros